[Event "Reykjavik op"]
[Site "Reykjavik"]
[Date "2024.03.21"]
[Round "9"]
[White "Gudjonsson, Anton Vignir"]
[Black "Banta, Robert Lance"]
[Result "1-0"]
[WhiteElo "1643"]
[BlackElo "1755"]
[PlyCount "75"]
[EventDate "2024.03.15"]
[EventType "swiss"]
[EventRounds "9"]
[EventCountry "ISL"]
[SourceTitle "CB13_2024"]
[SourceDate "2024.03.27"]
[SourceVersion "1"]
[SourceVersionDate "2024.03.27"]
[SourceQuality "1"]

1. d4 Nf6 2. Bf4 e6 3. Nf3 d5 4. e3 Bd6 5. Bg3 Bxg3 6. hxg3 Nbd7 7. Bd3 h6 8. Nbd2 c5 9. c4 b6 10. b3 Bb7 11. Qe2 0-0 12. 0-0 Rc8 13. Rac1 Re8 14. cxd5 exd5 15. Qd1 g6 16. a4 a6 17. Re1 Ne4 18. Nh4 Qf6 19. Nxe4 dxe4 20. Bc4 g5 21. Qg4 Rc7 22. Nf5 Bc8 23. Bxf7+ Kxf7 24. Qh5+ Kf8 25. Nxh6 Nb8 26. Ng4 Bxg4 27. Qxg4 Rf7 28. Rf1 Qf5 29. Qe2 g4 30. dxc5 bxc5 31. Qd2 Rd7 32. Qa5 Re5 33. Qb6 Re8 34. Rxc5 Qf7 35. Qh6+ Ke7 36. Re5+ Kd8 37. Qb6+ Kc8 38. Rxe8+ 1-0

[Event "Reykjavik op"]
[Site "Reykjavik"]
[Date "2024.03.18"]
[Round "6"]
[White "Gudmundsson, Gunnar Erik"]
[Black "Gudjonsson, Anton Vignir"]
[Result "1-0"]
[WhiteElo "2009"]
[BlackElo "1643"]
[PlyCount "89"]
[EventDate "2024.03.15"]
[EventType "swiss"]
[EventRounds "9"]
[EventCountry "ISL"]
[SourceTitle "CB13_2024"]
[SourceDate "2024.03.27"]
[SourceVersion "1"]
[SourceVersionDate "2024.03.27"]
[SourceQuality "1"]

1. d4 d5 2. c4 Nf6 3. cxd5 Bf5 4. f3 Bxb1 5. Rxb1 Nxd5 6. e4 Nb6 7. Bd3 e6 8. Ne2 Bb4+ 9. Nc3 0-0 10. Be3 c6 11. 0-0 N8d7 12. a3 Bd6 13. e5 Bc7 14. f4 Nd5 15. Rf3 Bb6 16. Bf2 f5 17. Nxd5 cxd5 18. Rh3 g6 19. Rc1 Rc8 20. Rxc8 Qxc8 21. Bb5 Rf7 22. Rc3 Bc7 23. Qc1 Nb6 24. a4 a6 25. a5 Na8 26. Ba4 Qd8 27. Rc2 Rf8 28. b4 Bb8 29. Qe1 Qe7 30. Bh4 Qf7 31. Qc1 Ba7 32. Bf2 Bb8 33. h3 Nc7 34. Rc5 Qe7 35. b5 axb5 36. Bxb5 Nxb5 37. Rxb5 Ba7 38. Qb2 Rf7 39. Kh2 Qc7 40. Be1 Kg7 41. Qb4 Qc6 42. Bc3 Rc7 43. Bb2 Kf7 44. Ba3 Qe8 45. Rxb7 1-0

[Event "Reykjavik op"]
[Site "Reykjavik"]
[Date "2024.03.16"]
[Round "3"]
[White "Jonsson, Olafur Gisli"]
[Black "Gudjonsson, Anton Vignir"]
[Result "0-1"]
[WhiteElo "1849"]
[BlackElo "1643"]
[PlyCount "62"]
[EventDate "2024.03.15"]
[EventType "swiss"]
[EventRounds "9"]
[EventCountry "ISL"]
[SourceTitle "CB13_2024"]
[SourceDate "2024.03.27"]
[SourceVersion "1"]
[SourceVersionDate "2024.03.27"]
[SourceQuality "1"]

1. Nf3 d5 2. d4 e6 3. e3 Nf6 4. Bd3 c5 5. c3 Be7 6. 0-0 0-0 7. Nbd2 Nc6 8. Re1 Qc7 9. e4 dxe4 10. Nxe4 cxd4 11. cxd4 Rd8 12. Bg5 Nd5 13. Rc1 Qb6 14. Bxe7 Ndxe7 15. Qe2 Nxd4 16. Nxd4 Qxd4 17. Bb1 Qe5 18. Qc2 Qh5 19. Ng3 Qh6 20. Re5 g6 21. Rc5 Qd2 22. Qe4 Qxb2 23. Qh4 Re8 24. Ne4 Kg7 25. Ng5 h6 26. Ne4 Nf5 27. Qf4 Bd7 28. R5c3 e5 29. Qf3 Rac8 30. Nc5 b6 31. Nxd7 Qxc1+ 0-1

[Event "Reykjavik op"]
[Site "Reykjavik"]
[Date "2024.03.15"]
[Round "1"]
[White "Gudjonsson, Anton Vignir"]
[Black "Demir, Mustafa"]
[Result "0-1"]
[WhiteElo "1643"]
[BlackElo "1842"]
[PlyCount "58"]
[EventDate "2024.03.15"]
[EventType "swiss"]
[EventRounds "9"]
[EventCountry "ISL"]
[SourceTitle "CB13_2024"]
[SourceDate "2024.03.27"]
[SourceVersion "1"]
[SourceVersionDate "2024.03.27"]
[SourceQuality "1"]

1. e4 e5 2. Nf3 Nc6 3. Bb5 a6 4. Bxc6 dxc6 5. h3 f6 6. d3 Be6 7. Be3 Qd7 8. a3 0-0-0 9. Nc3 b6 10. Na4 c5 11. b3 Ne7 12. Nb2 Nc6 13. Bd2 g5 14. Ng1 Be7 15. Bc3 h5 16. Qd2 g4 17. 0-0-0 Nd4 18. Bxd4 cxd4 19. a4 gxh3 20. Nxh3 Rhg8 21. f3 a5 22. Kb1 Bb4 23. Qe2 Bc3 24. Rdg1 Bxh3 25. Rxh3 Qxh3 26. gxh3 Rxg1+ 27. Ka2 Rdg8 28. f4 R8g2 29. Qxh5 Rxc2 0-1